Engineering : (Record no. 615845)
[ view plain ]
| 000 -LEADER | |
|---|---|
| fixed length control field | 01545pam a2200385 i 4500 |
| 001 - CONTROL NUMBER | |
| control field | 2233475 |
| 005 - DATE AND TIME OF LATEST TRANSACTION | |
| control field | 20260119101200.0 |
| 008 - FIXED-LENGTH DATA ELEMENTS--GENERAL INFORMATION | |
| fixed length control field | 760417s1977 nyua b 001 0 eng |
| 010 ## - LIBRARY OF CONGRESS CONTROL NUMBER | |
| LC control number | 76013591 |
| 020 ## - INTERNATIONAL STANDARD BOOK NUMBER | |
| International Standard Book Number | 0023071907 |
| 020 ## - INTERNATIONAL STANDARD BOOK NUMBER | |
| International Standard Book Number | 9780023071904 |
| 035 ## - SYSTEM CONTROL NUMBER | |
| System control number | 2233475 |
| 040 ## - CATALOGING SOURCE | |
| Original cataloging agency | DLC |
| Transcribing agency | DLC |
| Modifying agency | DLC |
| 050 00 - LIBRARY OF CONGRESS CALL NUMBER | |
| Classification number | TA147 |
| Item number | .B4 1977 |
| 082 00 - DEWEY DECIMAL CLASSIFICATION NUMBER | |
| Classification number | 620.0023 BEA'E |
| 100 1# - MAIN ENTRY--PERSONAL NAME | |
| Personal name | Beakley, George C. |
| 110 ## - MAIN ENTRY--CORPORATE NAME | |
| Corporate name or jurisdiction name as entry element | H. W. Leach |
| 9 (RLIN) | 132805 |
| 245 10 - TITLE STATEMENT | |
| Title | Engineering : |
| Remainder of title | an introduction to a creative profession / |
| Statement of responsibility, etc. | George C. Beakley, H. W. Leach, with contributions by J. Karl Hedrick. |
| 250 ## - EDITION STATEMENT | |
| Edition statement | 3d ed. |
| 260 ## - PUBLICATION, DISTRIBUTION, ETC. | |
| Place of publication, distribution, etc. | New York : |
| Name of publisher, distributor, etc. | Macmillan, |
| Date of publication, distribution, etc. | c1977. |
| 300 ## - PHYSICAL DESCRIPTION | |
| Extent | xii, 548 p. : |
| Other physical details | ill. ; |
| Dimensions | 26 cm. |
| 336 ## - CONTENT TYPE | |
| Content type term | text |
| Content type code | txt |
| Source | rdacontent |
| 337 ## - MEDIA TYPE | |
| Media type term | unmediated |
| Media type code | n |
| Source | rdamedia |
| 338 ## - CARRIER TYPE | |
| Carrier type term | volume |
| Carrier type code | nc |
| Source | rdacarrier |
| 500 ## - GENERAL NOTE | |
| General note | Edition for 1951, by H. W. Leach and G. C. Beakley, published under title: Elementary problems in engineering; edition for 1960, by H. W. Leach and G. C. Beakley, published under title: Engineering, the profession and elementary problem analysis. |
| 504 ## - BIBLIOGRAPHY, ETC. NOTE | |
| Bibliography, etc. note | Includes bibliographical references and index. |
| 650 #0 - SUBJECT ADDED ENTRY--TOPICAL TERM | |
| Topical term or geographic name entry element | Engineering |
| General subdivision | Vocational guidance. |
| 9 (RLIN) | 40490 |
| 650 #0 - SUBJECT ADDED ENTRY--TOPICAL TERM | |
| Topical term or geographic name entry element | Engineering mathematics. |
| 650 #0 - SUBJECT ADDED ENTRY--TOPICAL TERM | |
| Topical term or geographic name entry element | Engineering design. |
| 700 1# - ADDED ENTRY--PERSONAL NAME | |
| Personal name | Leach, H. W., |
| Relator term | joint author. |
| 700 1# - ADDED ENTRY--PERSONAL NAME | |
| Personal name | Leach, H. W. |
| Title of a work | Elementary problems in engineering. |
| 9 (RLIN) | 132806 |
| 906 ## - LOCAL DATA ELEMENT F, LDF (RLIN) | |
| a | 7 |
| b | cbc |
| c | orignew |
| d | 1 |
| e | ocip |
| f | 19 |
| g | y-gencatlg |
| 942 ## - ADDED ENTRY ELEMENTS (KOHA) | |
| Source of classification or shelving scheme | |
| Koha item type | Book |
| Withdrawn status | Lost status | Source of classification or shelving scheme | Damaged status | Not for loan | Permanent Location | Current Location | Date acquired | Total Checkouts | Full call number | Barcode | Date last seen | Price effective from | Koha item type | Public note |
|---|---|---|---|---|---|---|---|---|---|---|---|---|---|---|
| College of Electrical & Mechanical Engineering (CEME) | College of Electrical & Mechanical Engineering (CEME) | 01/19/2026 | 620.0023 BEA'E | CEME-17054 | 01/19/2026 | 01/19/2026 | Book | 4.0 |
